| 000 | 01077cam a2200253 4500 | ||
|---|---|---|---|
| 008 | 090401t1994 xxu||||| |||| 00| 0 eng d | ||
| 020 | _a0117529729 | ||
| 035 | _a(Sirsi) u74696 | ||
| 041 | _aeng | ||
| 050 | _a614.76 | ||
| 110 |
_aUnited Kingdom _bDepartment of the Environment _9982 |
||
| 245 | _aManaging demolition and construction wastes: report of the study on the recycling of demolition and construction wastes in the UK for the Department of the Environment ... | ||
| 260 |
_aLondon _bHMSO _c1994 |
||
| 300 | _ax,90,(81)p. : ill. ; 30cm. | ||
| 350 | _a38 | ||
| 520 | _aStudy commissioned by the DoE from Howard Humphreys & Partners to provide further information on the recycling of demolition and construction wastes, identify constraints operating on these activities and recommend how such recycling can be promoted. | ||
| 650 | _aAGGREGATES | ||
| 650 | _aCONSTRUCTION WASTES | ||
| 650 | _aDEMOLITION WASTE | ||
| 690 | _aENVIRONMENTAL AND LAND CONSULTANCY | ||
| 710 |
_aHoward Humphreys and Partners Ltd. _92345 |
||
| 942 | _n0 | ||
| 948 | _c04/03/1997 | ||
| 999 |
_c95911 _d95911 |
||